000 00240nam a2200097Ia 4500
008 220204s9999 xx 000 0 und d
082 _a019.4(73)
_bBOO
245 0 _aBooks in print. 1981-82. 4 V
260 _aNew York
_bR R Bowker
942 _cBK
999 _c36631
_d36631